000 00491nam a2200169Ia 4500
999 _c7435
_d7435
003 OSt
005 20200118125052.0
008 190216s9999||||xx |||||||||||||| ||und||
040 _coclc
082 _a658.8
_bVIN/M
100 _aVinod, A
_9643
245 0 _aMarketing Management /
_cA Vinod
260 _bCalicut University Central Co-Operative,
_c2008.
_aCalicut:
300 _a319p
650 _aMarketing Management
942 _cBK
_2ddc
_h658.8
_iVIN/M
_k658.8
_mVIN/M